| 000 | 01882cam a22004454i 4500 | ||
|---|---|---|---|
| 003 | PE-LiUPU | ||
| 005 | 20250731173258.0 | ||
| 008 | 150625s2002 txua r 000 0 spa d | ||
| 020 | _a0311461638 | ||
| 035 | _a(Sirsi) i9780311461639 | ||
| 040 |
_aPE-LiUPU _bspa _cPE-LiUPU _erda |
||
| 049 | _aPRUA | ||
| 082 | 0 | 4 |
_a262.1 _bM58 _221 |
| 100 | 1 |
_aMiller, Calvin, _eautor. |
|
| 245 | 1 | 3 |
_aEl líder con poder : _bclaves del líder-siervo / _cCalvin Miller. |
| 264 | 1 |
_aTexas : _bEdit. Mundo Hispano, _c2002. |
|
| 300 |
_a217 páginas : _bilustraciones ; _c21 centímetros |
||
| 336 |
_atext _2rdacontent |
||
| 337 |
_aunmediated _2rdamedia |
||
| 338 |
_avolume _2rdacarrier |
||
| 505 | 0 | _aPromueva una imagen de siervo honesto -- Véase a sí mismo como un líder: Aprenda el arte de la percepción de sí mismo -- Red de relaciones ministeriales y de amistad del líder -- Visión: Captar y proyectar -- Decisión: La clave del liderazgo -- Definir, estructurar y motivar -- La política de la gracia y el abuso de poder -- El liderazgo: El arte de delegar y el espíritu de equipo -- Cómo sobreponerse a un error visible.. | |
| 526 | _aSEG42 | ||
| 526 | _aSEG41 | ||
| 526 | _aSEG40 | ||
| 526 | _aSEG39 | ||
| 526 | _aP94 | ||
| 526 | _aP87 | ||
| 526 | _aP86 | ||
| 526 | _aP85 | ||
| 526 | _aP77 | ||
| 526 | _aP76 | ||
| 526 | _aP35 | ||
| 541 | _g003-0002819; | ||
| 650 | 0 | 4 | _aLiderazgo cristiano. |
| 942 |
_2ddc _cBOOK |
||
| 949 |
_a262.1 M58 _wDEWEY _c1 _i53794 _lCCODEBUL1 _mBUL _p12.00 _r0 _sY _tBOOK _u2015-6-25 _xTEOLOGIA _zUNKNOWN _0COMPRA _o.STAFF. Colección General |
||
| 994 |
_aC0 _bPEPRU |
||
| 596 | _a1 | ||
| 999 |
_a262.1 M58 _wDEWEY _c43899 _i53794 _d43899 _e2016-8-29 _f2021-11-10 _g5 _lCCODEBUL1 _mBUL _n2 _p12.00 _r0 _sY _tBOOK _u2015-6-25 _xTEOLOGIA _PP35 _0COMPRA _o.STAFF. Colección Teología |
||
| 980 |
_81 _gALBERTO SANCHEZ Responsable de Automatización |
||